Fréjus - Choix multiples - Statistiques

Statistiques générales
  • Ce quiz a été pris 81 fois
  • Le résultat moyen est 6 sur 10
Statistiques - réponses
Question Réponse % Correct
Quel massif volcanique, aux roches rougeâtres, se trouve sur une grande partie de la commune ? Le massif de l'Estérel
91%
Le 2 décembre 1959, une catastrophe a causé la mort de 423 personnes en moins de 40 minutes. Que s'est-il passé ? Un barrage a cédé après des pluies torrentielles.
80%
Quelle personnalité politique, ministre à plusieurs reprises dans les années 1980 et 1990, fut le député-maire de Fréjus pendant près de vingt ans ? François Léotard
67%
Quel fleuve passe dans la commune de Fréjus juste avant de se jeter dans le mer ? L'Argens
67%
Le point culminant de ce massif se trouve dans la commune de Fréjus. Quel est-il ? Le mont Vinaigre
66%
Le 27 avril 1814, Napoléon Ier passa sa dernière nuit en France à Fréjus avant d'embarquer pour un exil forcé. Quelle était sa destination ? L'île d'Elbe
66%
Quelle photo n'a pas été prise à Fréjus ?
40%
Parmi ces vestiges antiques, lequel ne se situe pas à Fréjus ?
33%
Une seule ville en France possède une plus grande concentration de vestiges antiques que Fréjus. Quelle est-elle ? Arles
30%
Décollant de Fréjus, quelle personne a réussi la première traversée aérienne de la Méditerranée ? Roland Garros
27%
Aucun quiz correspondant
Distribution des résultats
% des personnes avec chaque résultat
Percentile par nombre de réponses
Votre historique - résultats
Vous n’avez pas pris ce quiz